Guess the Lyrics #52 - Statistics

General Stats
  • This quiz has been taken 1,344 times
    862 since last reset
  • The average score is 182 of 371
Answer Stats
Lyrics % Correct
I
99%
a
97%
A
97%
you
96%
You
96%
the
93%
The
93%
me
84%
when
84%
love
83%
and
79%
And
79%
to
79%
your
79%
Your
79%
on
78%
in
76%
In
76%
be
75%
it
75%
where
72%
go
70%
is
70%
my
70%
So,
66%
So
66%
can
65%
that
65%
you're
64%
You're
64%
of
62%
for
58%
I'm
58%
she
57%
one
56%
why
56%
are
55%
If
55%
all
53%
don't
53%
with
49%
this
48%
like
47%
time
47%
will
47%
need,
43%
take
42%
from
41%
Give
38%
just
38%
Ooh,
37%
ooh,
37%
ooh
37%
oh,
35%
night
34%
out
33%
own
33%
been
30%
I've
30%
off
28%
Yeah!
27%
away
26%
kiss
22%
show
22%
Cause
21%
'Cause
21%
goes?
21%
leave
20%
light
20%
loves
20%
these
20%
Well,
20%
pain
17%
alone
15%
beast
15%
dark
15%
sun
15%
There's
15%
beat
14%
really
14%
a place
13%
before
13%
boys
13%
blow
12%
sleep
12%
hands,
11%
lives
11%
clothes?
10%
Hey!
10%
looks
9%
dancing,
8%
remember
8%
watch
8%
bright,
7%
blood
6%
shows
6%
spent
6%
burn
5%
couch,
5%
lead
5%
rains
5%
shot
5%
whoa,
5%
pours
4%
animals
3%
band
3%
bender
3%
crash
3%
drunk,
3%
glow
3%
laughing,
3%
loathe
3%
rise
3%
sharpest
3%
skin
3%
The Sharpest Lives - My Chemical Romance
3%
abandoned
2%
ashamed
2%
asking
2%
cannibal
2%
corrode
2%
dagger
2%
deadliest
2%
Drop
2%
empires
2%
Juliet
2%
lust
2%
poison,
2%
repose
2%
Romeo
2%
sane
2%
suppose
2%
surrender
2%
vampires
2%
commands
1%
lather
1%
No matching quizzes found
Score Distribution
Percent of People with Each Score
Percentile by Number Answered
Your Score History
You have not taken this quiz since the last reset